000 00882cam a2200265 i 4500
001 123053
005 20230404125641.0
008 160830s2007 mx r 000 0 spa d
020 _a9781921235283
020 _a1921235284
041 0 _aspa
050 1 4 _aCD F
100 1 _aGuevara, Ernesto,
_d1928-1967.
245 1 0 _aCrear dos, tres, muchos Viet Nam :
_bmensaje a la Tricontinental /
_cErnesto Che Guevara.
260 _aMéxico, D.F. :
_bOcean Sur,
_c2007
300 _a23 p. ;
_c22 cm.
440 0 _aColección Lecturas para la reflexión. Ernesto Che Guevara
500 _aOtros titulos: Triconental
600 1 4 _aGuevara, Che,
_d1928-1967
_xPensamiento político y social.
650 4 _aGuerra de Vietnam, 1961-1975
_zEstados Unidos.
650 0 _aWorld politics
_y1955-1965.
650 0 _aVietnam War, 1961-1975
_zUnited States.
942 _2lcc
_ccd
946 _aJaaM
999 _c1878
_d1878